Breaking through Earth Science for senior high school / (Record no. 2288)

MARC details
000 -LEADER
fixed length control field 01322nam a22002777a 4500
005 - DATE AND TIME OF LATEST TRANSACTION
control field 20230415012708.0
008 - FIXED-LENGTH DATA ELEMENTS--GENERAL INFORMATION
fixed length control field 230415b ||||| |||| 00| 0 eng d
020 ## - INTERNATIONAL STANDARD BOOK NUMBER
International Standard Book Number 9789719815846
040 ## - CATALOGING SOURCE
Original cataloging agency CvSU-CCAT Campus Library.
Transcribing agency CvSU-CCAT Campus Library.
Description conventions rda.
041 ## - LANGUAGE CODE
Language code of text/sound track or separate title English.
050 ## - LIBRARY OF CONGRESS CALL NUMBER
Classification number F QE 45
Item number F45 2021 SHS
100 ## - MAIN ENTRY--PERSONAL NAME
Personal name Felicerta, Corazon N., author.
9 (RLIN) 7560
245 ## - TITLE STATEMENT
Title Breaking through Earth Science for senior high school /
Statement of responsibility, etc. Corazon N. Felicerta and Anna Carmela B. Bonifacio; Sol Saranay M. Baguio, coordinator.
250 ## - EDITION STATEMENT
Edition statement Revised edition.
260 ## - PUBLICATION, DISTRIBUTION, ETC.
Place of publication, distribution, etc. Quezon City :
Name of publisher, distributor, etc. C & E Publishing, Inc.,
Date of publication, distribution, etc. c2021.
300 ## - PHYSICAL DESCRIPTION
Extent xii, 178 pages :
Other physical details illustrations ;
Dimensions 26 cm
504 ## - BIBLIOGRAPHY, ETC. NOTE
Bibliography, etc. note Includes bibliographical references and index.
505 ## - FORMATTED CONTENTS NOTE
Formatted contents note Chapter 1 : Origin and structure of earth<br/>Chapter 2 : Earth materials and resources<br/>Chapter 3 : Earth processes<br/>Chapter 4 : History of earth<br/>Glossary<br/>Bibliography<br/>Index
541 ## - IMMEDIATE SOURCE OF ACQUISITION NOTE
Accession number 2060 c.1; 2061 c.2
546 ## - LANGUAGE NOTE
Language note In English text.
650 ## - SUBJECT ADDED ENTRY--TOPICAL TERM
Topical term or geographic name entry element Earth sciences
Form subdivision Examinations, questions, etc.
9 (RLIN) 7561
650 ## - SUBJECT ADDED ENTRY--TOPICAL TERM
Topical term or geographic name entry element Earth sciences
Form subdivision Study and teaching.
9 (RLIN) 7562
700 ## - ADDED ENTRY--PERSONAL NAME
Personal name Bonifacio, Anna Carmela B., author.
9 (RLIN) 7563
700 ## - ADDED ENTRY--PERSONAL NAME
Personal name Baguio, Saranay M., coordinator.
9 (RLIN) 7564
942 ## - ADDED ENTRY ELEMENTS (KOHA)
Source of classification or shelving scheme Library of Congress Classification
Koha item type Book
Edition Revised edition.
Classification part QE 45 F45 2021 SHS
Call number prefix F
Holdings
Withdrawn status Lost status Source of classification or shelving scheme Damaged status Not for loan Collection code Home library Current library Shelving location Date acquired Source of acquisition Coded location qualifier Cost, normal purchase price Total Checkouts Total Renewals Full call number Barcode Date last seen Date last checked out Copy number Price effective from Koha item type
    Library of Congress Classification     Book Cavite State University - CCAT Campus Cavite State University - CCAT Campus SHS 04/04/2023 Purchased from J & M SHS 595.00 2 3 F QE 45 F45 2021 SHS R002060 10/25/2025 01/13/2025 c.1 04/15/2023 Book
    Library of Congress Classification     Book Cavite State University - CCAT Campus Cavite State University - CCAT Campus SHS 04/04/2023 Purchased from J & M SHS 595.00 1 4 F QE 45 F45 2021 SHS R002061 10/25/2025 07/30/2024 c.2 04/15/2023 Book